Guess the Football Club Part 4 - Statistics

General Stats
  • This quiz has been taken 579 times
  • The average score is 8 of 20
Answer Stats
Picture Answer % Correct
Brighton & Hove Albion
95%
Everton FC
66%
VfB Stuttgart
61%
Palermo
55%
Charlton Athletic FC
51%
FC Groningen
50%
Fenerbahçe SK
49%
Botafogo FR
46%
FC Basel
42%
Rapid Wien
42%
APOEL Nicosia
40%
SE Palmeiras
40%
Al-Ahly
36%
Dundee United
28%
Deportivo La Coruña
25%
SC Corinthians Paulista
25%
Al-Hilal
20%
Middlesbrough FC
14%
Vissel Kobe
13%
Jeonbuk Hyundai Motors
3%
No matching quizzes found
Score Distribution
Percent of People with Each Score
Percentile by Number Answered
Your Score History
You have not taken this quiz